00620nam a22001457a 450000500170000002000180001708200160003510000470005124501600009826000550025830000180031394200130033199900190034495201110036320260630131911.0 a9781009298018 aR 325 LAH/I aLahav, Gallya and Messina, Antony M917176 aImmigration, security and the liberal state:bthe politics of migration aregualtion in Europe and the United States/cby Gallia Lahav and Anthony M.Messina a. - New Yorkb: Cambridge University Pressc, 2024 axix+492 pages 2ddccREF c761150d761150 00102ddc4070aPOLbPOLcREFd2026-02-05l0oR 325 LAH/IpPOL23901r2026-06-30 13:20:33w2026-06-30yREF